000 00228 a2200097 4500
001 15170
100 _aMiller D
245 _aexamples in technical drawing
260 _aLondon
_bThe grant Education Co
_c
090 _c11914
_d11914
942 _aNUST-CAE
_cM
_c2130
999 _c250243
_d250243